| 000 | 00818nam a2200217Ia 4500 | ||
|---|---|---|---|
| 001 | 3040 | ||
| 003 | GE_BSU | ||
| 008 | 181216s||||||||xx |||||||||||||| ||und|| | ||
| 020 | _a5862252932 | ||
| 040 | _cGE_BSU | ||
| 080 | _a336.01 | ||
| 245 | _aКоличественные методы финансового анализа = Quantiitativt Methodesfor Financial Analysis | ||
| 245 | _cпод. редакцией: Стивена ДЖ. Брауна и Марка. П. Крицмена; Пер. с англ.: О.А. Осипова, И.В. Ульянцева.. | ||
| 260 | _aМосква | ||
| 260 | _bИНФРА-М | ||
| 260 | _c1996 | ||
| 300 | _a336 ст. 22см. | ||
| 541 | _h11 Л. 65 Т. | ||
| 653 | _aКоличественные методы финансового анализа | ||
| 942 | _cBK | ||
| 999 |
_c37084 _d37084 |
||